[Event "22nd ch-EUR Indiv 2022"]
[Site "Terme Catez SLO"]
[Date "2022.03.27"]
[Round "1.155"]
[White "Tribushnaya, Olga"]
[Black "Dobrovoljc, Vid"]
[Result "0-1"]
[BlackTitle "FM"]
[WhiteElo "1716"]
[BlackElo "2406"]
[WhiteFideId "14123045"]
[BlackFideId "14609843"]
[EventDate "2022.03.27"]

1. e4 e5 2. Nf3 Nc6 3. Bb5 a6 4. Ba4 Nf6 5. O-O Bc5 6. Bxc6 dxc6 7. Nxe5 Nxe4 8.
Qe2 Qd5 9. Nd3 O-O 10. Nxc5 Nxc5 11. Nc3 Qf5 12. d3 b5 13. Ne4 Ne6 14. Be3 c5
15. f3 Bb7 16. Qf2 Bxe4 17. dxe4 Qe5 18. c3 f5 19. exf5 Qxf5 20. Rad1 Rad8 21.
Qe2 Qe5 22. Qf2 Rd5 23. Rfe1 Rfd8 24. Rxd5 Qxd5 25. a3 Qf5 26. Qe2 c4 27. Rd1
Rd3 28. Rd2 h6 29. h3 Kh7 30. Kf1 a5 31. Kg1 Qd5 32. Kf1 Kg8 33. Qf2 Qe5 34. Qe2
Rxe3 35. Qd1 Qf5 36. Rd5 Rd3 37. Rxd3 Qxd3+ 38. Qxd3 cxd3 39. Ke1 c5 0-1

[Event "22nd ch-EUR Indiv 2022"]
[Site "Terme Catez SLO"]
[Date "2022.03.27"]
[Round "1.156"]
[White "Papadiamandis, Elliot"]
[Black "Zlatanovic, Marcus"]
[Result "1-0"]
[WhiteTitle "FM"]
[WhiteElo "2406"]
[BlackElo "1680"]
[WhiteFideId "36074160"]
[BlackFideId "14626195"]
[EventDate "2022.03.27"]

1. e4 c5 2. Nf3 g6 3. c4 Bg7 4. d4 cxd4 5. Nxd4 Nc6 6. Be3 Nf6 7. Nc3 d6 8. Be2
O-O 9. O-O Bd7 10. Nc2 a5 11. f3 Nb8 12. Qd2 Na6 13. Rac1 Bc6 14. Rfd1 Nd7 15.
b3 Ndc5 16. Rb1 Be5 17. a3 Nc7 18. Nd4 N7e6 19. Ndb5 Bxb5 20. Nxb5 Nc7 21. Nd4
e6 22. b4 axb4 23. axb4 Nd7 24. f4 Bg7 25. Nb3 Nf6 26. Qc2 Qe7 27. e5 dxe5 28.
Bc5 Qe8 29. fxe5 Nd7 30. Bxf8 Kxf8 31. Qe4 Bxe5 32. Nc5 Nxc5 33. Qxe5 1-0

[Event "22nd ch-EUR Indiv 2022"]
[Site "Terme Catez SLO"]
[Date "2022.03.27"]
[Round "1.157"]
[White "Kuznetsova, Elyzaveta"]
[Black "Golubka, Petro"]
[Result "0-1"]
[BlackTitle "GM"]
[WhiteElo "1366"]
[BlackElo "2401"]
[WhiteFideId "14189950"]
[BlackFideId "14114224"]
[EventDate "2022.03.27"]

1. e4 d5 2. exd5 Qxd5 3. Nc3 Qd8 4. d3 Nc6 5. Nge2 Nf6 6. Be3 Bf5 7. Ng3 Bg6 8.
Be2 Nd4 9. Bf3 Nxf3+ 10. Qxf3 c6 11. Nge4 Nd5 12. Nxd5 cxd5 13. Nd2 Rc8 14. Qd1
e5 15. Nb3 a5 16. c3 d4 17. cxd4 Bb4+ 18. Ke2 Qd5 19. f3 a4 20. Nc5 b5 21. a3
exd4 22. axb4 dxe3 23. d4 Qg5 24. g3 O-O 25. Ne4 Qe7 26. Nc5 Rfd8 27. b3 Qf6 28.
bxa4 Rxd4 29. Qb3 Rd2+ 30. Kxe3 Qd4# 0-1

[Event "22nd ch-EUR Indiv 2022"]
[Site "Terme Catez SLO"]
[Date "2022.03.27"]
[Round "1.158"]
[White "Buksa, Nataliya"]
[Black "Shevchenko, Matviei"]
[Result "1-0"]
[WhiteTitle "IM"]
[WhiteElo "2401"]
[BlackElo "1326"]
[WhiteFideId "14123622"]
[BlackFideId "14188678"]
[EventDate "2022.03.27"]

1. e4 c6 2. Nc3 d5 3. Nf3 dxe4 4. Nxe4 Bg4 5. h3 Bxf3 6. Qxf3 Nd7 7. b3 Ngf6 8.
Bb2 e6 9. g4 Nxe4 10. Qxe4 Nf6 11. Qf3 Qd5 12. Bg2 O-O-O 13. O-O-O Rg8 14. h4
Be7 15. c4 Qxf3 16. Bxf3 c5 17. d4 cxd4 18. Bxd4 b6 19. Kc2 Nd7 20. Be4 e5 21.
Bc3 g6 22. b4 Kc7 23. a4 Rgf8 24. Ra1 f5 25. gxf5 gxf5 26. Bd5 Bf6 27. a5 Kb8
28. Be6 f4 29. Rhd1 Kc7 30. Rxd7+ Rxd7 31. axb6+ Kxb6 32. Bxd7 Bxh4 33. c5+ Kb7
34. c6+ Kb6 35. Bxe5 Bxf2 36. c7 1-0

[Event "22nd ch-EUR Indiv 2022"]
[Site "Terme Catez SLO"]
[Date "2022.03.28"]
[Round "2.1"]
[White "Navara, David"]
[Black "Valsecchi, Alessio"]
[Result "1-0"]
[WhiteTitle "GM"]
[BlackTitle "GM"]
[WhiteElo "2700"]
[BlackElo "2524"]
[WhiteFideId "309095"]
[BlackFideId "818860"]
[EventDate "2022.03.27"]

1. e4 c5 2. Nf3 Nc6 3. Bb5 g6 4. O-O Bg7 5. c3 Nf6 6. Re1 O-O 7. d4 d5 8. e5 Ne4
9. Be3 cxd4 10. cxd4 Qb6 11. Bxc6 bxc6 12. Qc1 Rb8 13. b3 Bf5 14. Nh4 Be6 15. f3
g5 16. fxe4 gxh4 17. Nc3 Qb4 18. Na4 h3 19. Nc5 Kh8 20. Na6 Qb7 21. Nxb8 Rxb8
22. Qd1 dxe4 23. Rc1 Qd7 24. Rc2 Rg8 25. g3 Bd5 26. Qh5 Qe6 27. Rf1 Bf8 28. Rcf2
Qg6 29. Qxh3 Be6 30. Qh4 h5 31. Kg2 Qh7 32. h3 Rg6 33. Kh2 Kg8 34. Rf5 Bxf5 35.
Rxf5 Qg7 36. Rxh5 f6 37. Qxe4 fxe5 38. dxe5 Qf7 39. Qxg6+ Qxg6 40. Rg5 1-0

[Event "22nd ch-EUR Indiv 2022"]
[Site "Terme Catez SLO"]
[Date "2022.03.28"]
[Round "2.2"]
[White "Suleymanli, Aydin"]
[Black "Korobov, Anton"]
[Result "1-0"]
[WhiteTitle "GM"]
[BlackTitle "GM"]
[WhiteElo "2525"]
[BlackElo "2695"]
[WhiteFideId "13413937"]
[BlackFideId "14105730"]
[EventDate "2022.03.27"]

1. d4 Nf6 2. c4 e6 3. Nf3 d5 4. Nc3 c6 5. Bg5 h6 6. Bxf6 Qxf6 7. e3 Nd7 8. Bd3
dxc4 9. Bxc4 g6 10. O-O Bg7 11. Qc2 O-O 12. Rfd1 b6 13. a4 a5 14. h4 Bb7 15. h5
g5 16. Ne4 Qe7 17. Ng3 Kh8 18. Qb3 Rab8 19. Rac1 b5 20. Be2 f5 21. axb5 cxb5 22.
Rc7 Bd5 23. Qc2 Qd6 24. Rc1 b4 25. Qa4 Rf7 26. Qxa5 f4 27. Rc8+ Rf8 28. Rxb8
Qxb8 29. Nf1 b3 30. Rc7 Nb6 31. Qc5 Na8 32. Ra7 Rc8 33. Qe7 Nc7 34. Ra1 Re8 35.
Qd7 Rd8 36. Qa4 Ne8 37. Rc1 fxe3 38. fxe3 Bxf3 39. Bxf3 e5 40. dxe5 Qxe5 41. Rc3
Nf6 42. Rxb3 Qf5 43. Rb5 Qb1 44. Qb4 g4 45. Rb8 Rxb8 46. Qxb8+ Kh7 47. Be2 Nd7
48. Qb3 Nc5 49. Qd5 Qxb2 50. Bc4 1-0

[Event "22nd ch-EUR Indiv 2022"]
[Site "Terme Catez SLO"]
[Date "2022.03.28"]
[Round "2.3"]
[White "Nesterov, Arseniy"]
[Black "Saric, Ivan"]
[Result "1/2-1/2"]
[WhiteTitle "GM"]
[BlackTitle "GM"]
[WhiteElo "2522"]
[BlackElo "2687"]
[WhiteFideId "24198455"]
[BlackFideId "14508150"]
[EventDate "2022.03.27"]

1. d4 Nf6 2. c4 g6 3. Nc3 Bg7 4. e4 d6 5. Be2 O-O 6. Be3 Nc6 7. d5 Ne5 8. h3 e6
9. Nf3 Nxf3+ 10. Bxf3 a5 11. O-O Nd7 12. Rc1 e5 13. Be2 Nc5 14. a3 f5 15. exf5
gxf5 16. f4 exf4 17. Bxf4 a4 18. Qe1 Bd7 19. Qg3 Qf6 20. Bg5 Qg6 21. Qh4 Bf6 22.
Bxf6 Qxf6 23. Qxf6 Rxf6 24. Rce1 Re8 25. Bd1 Re5 26. Bc2 Rf8 27. Re2 Rxe2 28.
Nxe2 b5 29. cxb5 Bxb5 30. Rf2 Bd3 31. Nd4 Be4 32. Bxe4 fxe4 33. Rxf8+ Kxf8 34.
Kf2 Ke7 35. Ke3 Kf6 36. Kf4 e3 37. g4 Nd3+ 38. Kxe3 Nxb2 39. Ke4 Nd1 40. Nb5
Nf2+ 41. Kd4 Nxh3 42. Nxc7 Nf2 43. Nb5 Ke7 44. Nc3 Nxg4 45. Nxa4 h5 46. Nc3 h4
47. Ke4 h3 1/2-1/2

[Event "22nd ch-EUR Indiv 2022"]
[Site "Terme Catez SLO"]
[Date "2022.03.28"]
[Round "2.4"]
[White "Volokitin, Andrei"]
[Black "Stefansson, Hannes"]
[Result "1-0"]
[WhiteTitle "GM"]
[BlackTitle "GM"]
[WhiteElo "2687"]
[BlackElo "2520"]
[WhiteFideId "14107090"]
[BlackFideId "2300087"]
[EventDate "2022.03.27"]

1. e4 e5 2. Nf3 Nc6 3. Bc4 Nf6 4. d3 Bc5 5. O-O d6 6. c3 a6 7. a4 Ba7 8. Re1 O-O
9. h3 h6 10. Nbd2 Re8 11. b4 Be6 12. Bxe6 Rxe6 13. Nf1 d5 14. Qc2 Qd7 15. Be3
Bxe3 16. Nxe3 Rae8 17. b5 axb5 18. axb5 Ne7 19. c4 c6 20. Ra5 dxe4 21. dxe4 b6
22. Rd1 Rd6 23. Rxd6 Qxd6 24. c5 Qxc5 25. Qxc5 bxc5 26. b6 Rb8 27. Nc4 Nxe4 28.
Nfxe5 Nc8 29. Nd7 Rb7 30. Ra8 Rxd7 31. Rxc8+ Kh7 32. f3 1-0

[Event "22nd ch-EUR Indiv 2022"]
[Site "Terme Catez SLO"]
[Date "2022.03.28"]
[Round "2.5"]
[White "Sargissian, Gabriel"]
[Black "Beliavsky, Alexander G"]
[Result "1-0"]
[WhiteTitle "GM"]
[BlackTitle "GM"]
[WhiteElo "2681"]
[BlackElo "2518"]
[WhiteFideId "13300881"]
[BlackFideId "14602377"]
[EventDate "2022.03.27"]

1. d4 Nf6 2. c4 e6 3. Nc3 Bb4 4. e3 O-O 5. Bd3 d5 6. cxd5 exd5 7. a3 Bd6 8. Qc2
a5 9. Nb5 b6 10. Ne2 Ba6 11. Bd2 c6 12. Nxd6 Qxd6 13. O-O c5 14. Bxa6 Rxa6 15.
dxc5 bxc5 16. Bc3 Ng4 17. g3 Nc6 18. Rad1 Rd8 19. Nf4 Ne7 20. Qe2 Nf6 21. Qf3
Raa8 22. Rd3 d4 23. exd4 c4 24. Rdd1 Ned5 25. Ng2 a4 26. Rc1 Rab8 27. Ne3 Rdc8
28. Qe2 Qe6 29. Rfe1 h6 30. Nxd5 Qxd5 31. Bb4 Qxd4 32. Rcd1 Qa7 33. Bc3 Qa6 34.
Rd4 Qc6 35. Red1 Qe6 36. Qf3 Rb6 37. Re1 Qc6 38. Qd1 Qa8 39. Re5 Ra6 40. Qe2 Qc6
41. Bb4 Qb7 42. Bc3 Rac6 43. Qc2 Ra6 44. Qf5 Raa8 45. Re1 Qc6 46. Red1 Qe6 47.
Qf4 Qh3 48. Qf3 Qh5 49. Qxh5 Nxh5 50. Rd6 Rab8 51. Ra6 Nf6 52. Rd4 Ra8 53. Rxa8
Rxa8 54. Rxc4 Nd5 55. Kf1 f6 56. Ke2 Kf7 57. Kd3 Ke6 58. Re4+ Kd6 59. Bb4+ Kd7
60. Kc4 Nxb4 61. Kxb4 Rb8+ 62. Kc3 Ra8 63. b3 axb3 64. Kxb3 Ra7 65. a4 Kc6 66.
Re2 Rd7 67. Kc4 Rd1 68. Re6+ Kd7 69. Ra6 Rd2 70. f4 Rxh2 71. Ra7+ Kd6 72. Rxg7
h5 73. Rh7 Rh3 74. Kd4 Rxg3 75. Rxh5 Rg1 76. Rd5+ Kc6 77. Rf5 Rd1+ 78. Ke4 Re1+
79. Kf3 Re6 80. a5 Rd6 81. Kg4 1-0

[Event "22nd ch-EUR Indiv 2022"]
[Site "Terme Catez SLO"]
[Date "2022.03.28"]
[Round "2.6"]
[White "Budisavljevic, Luka"]
[Black "Deac, Bogdan-Daniel"]
[Result "1-0"]
[WhiteTitle "GM"]
[BlackTitle "GM"]
[WhiteElo "2519"]
[BlackElo "2679"]
[WhiteFideId "960047"]
[BlackFideId "1226380"]
[EventDate "2022.03.27"]

1. d4 Nf6 2. c4 g6 3. Nc3 d5 4. Bf4 Bg7 5. e3 c6 6. Nf3 O-O 7. Rc1 Qa5 8. Qd2
Bg4 9. Ne5 Be6 10. Be2 dxc4 11. Nxc4 Bxc4 12. Bxc4 Nbd7 13. Ne4 Qb6 14. Nxf6+
Bxf6 15. O-O Rfd8 16. Qe2 Rac8 17. Rfd1 c5 18. b3 cxd4 19. exd4 Qb4 20. Be5 Bxe5
21. dxe5 Nb6 22. Rxd8+ Rxd8 23. g3 e6 24. Rd1 Rc8 25. Rd4 Qc3 26. Rd3 Qa5 27.
Rd4 Kg7 28. Kg2 h5 29. Qe4 Rc7 30. b4 Qa3 31. Bb3 Qc1 32. Rd6 Qg5 33. h4 Qe7 34.
Qd4 Nc8 35. a4 a6 36. b5 axb5 37. axb5 Qe8 38. b6 Nxd6 39. exd6+ e5 40. Qd5 Rd7
41. Ba4 Kf6 42. f4 exf4 43. Qd4+ Qe5 44. Qxe5+ Kxe5 45. Bxd7 Kxd6 46. Be8 fxg3
47. Bxf7 Kc6 48. Kxg3 Kxb6 49. Kf4 Kc5 50. Ke5 1-0

[Event "22nd ch-EUR Indiv 2022"]
[Site "Terme Catez SLO"]
[Date "2022.03.28"]
[Round "2.7"]
[White "Cheparinov, Ivan"]
[Black "Sivuk, Vitaly"]
[Result "1/2-1/2"]
[WhiteTitle "GM"]
[BlackTitle "GM"]
[WhiteElo "2672"]
[BlackElo "2518"]
[WhiteFideId "2905540"]
[BlackFideId "14116502"]
[EventDate "2022.03.27"]

1. e4 e6 2. d4 d5 3. Nc3 Nf6 4. e5 Nfd7 5. f4 c5 6. Nf3 Nc6 7. Be3 a6 8. Ne2 Qb6
9. Qc1 f5 10. c3 Be7 11. Rg1 O-O 12. g4 fxg4 13. Rxg4 Rf7 14. h4 cxd4 15. Nexd4
Nxd4 16. Bxd4 Bc5 17. Qc2 Bxd4 18. Nxd4 Nc5 19. O-O-O Bd7 20. Bd3 Nxd3+ 21. Qxd3
Raf8 22. Rdg1 Re7 23. Qg3 Rff7 24. Rg5 Kf8 25. Rh5 g6 26. Rg5 Rg7 27. h5 Be8 28.
h6 Rg8 29. f5 Bf7 30. Rg4 Ke8 31. f6 Rc7 32. Kb1 Kd7 33. Qe3 Rc4 34. Qd2 Rgc8
35. Nb3 Ke8 36. R1g3 Qc7 37. Qe1 b5 38. Nd2 Rc5 39. Nf3 Kf8 40. Ng5 Kg8 41. Re3
a5 42. a3 Rc4 43. Rxc4 bxc4 44. Qd2 Rb8 45. Qd4 a4 46. Re2 Rb5 47. Rd2 Qb8 48.
Kc1 Qc7 49. Ne4 Kf8 50. Nd6 Rb8 51. Kd1 Kg8 52. Kc1 Kf8 53. Qf2 Kg8 54. Rd4 Kf8
55. Rg4 Qa5 56. Qd4 Qc7 57. Qg1 Rb3 58. Qd4 Rb8 59. Qe3 Rb3 60. Qd4 1/2-1/2

[Event "22nd ch-EUR Indiv 2022"]
[Site "Terme Catez SLO"]
[Date "2022.03.28"]
[Round "2.8"]
[White "Nasuta, Grzegorz"]
[Black "Areshchenko, Alexander"]
[Result "0-1"]
[WhiteTitle "GM"]
[BlackTitle "GM"]
[WhiteElo "2518"]
[BlackElo "2670"]
[WhiteFideId "1141686"]
[BlackFideId "14109530"]
[EventDate "2022.03.27"]

1. e4 c5 2. Nf3 d6 3. d4 cxd4 4. Nxd4 Nf6 5. Nc3 a6 6. Be2 e6 7. Be3 Be7 8. g4
b5 9. g5 Nfd7 10. a3 Bxg5 11. Qd2 Bf6 12. O-O-O Bb7 13. Rhg1 Nb6 14. f4 N8d7 15.
Nxe6 fxe6 16. Qxd6 Qe7 17. Bxb6 Nxb6 18. e5 Nd5 19. Nxd5 Bxd5 20. Rxd5 exd5 21.
Qc6+ Kf7 22. Qxd5+ Qe6 23. Qb7+ Be7 24. Bg4 Qc4 25. f5 Rhc8 26. Kb1 Qxc2+ 27.
Ka1 Qc6 28. Bf3 Qxb7 29. Bxb7 Rd8 30. Bxa8 Rxa8 31. Rc1 Rd8 0-1

[Event "22nd ch-EUR Indiv 2022"]
[Site "Terme Catez SLO"]
[Date "2022.03.28"]
[Round "2.9"]
[White "Noe, Christopher"]
[Black "Guseinov, Gadir"]
[Result "1/2-1/2"]
[WhiteTitle "IM"]
[BlackTitle "GM"]
[WhiteElo "2515"]
[BlackElo "2661"]
[WhiteFideId "24692018"]
[BlackFideId "13401378"]
[EventDate "2022.03.27"]

1. d4 Nf6 2. c4 g6 3. Nc3 Bg7 4. e4 d6 5. f3 O-O 6. Be3 c5 7. d5 e6 8. Qd2 exd5
9. cxd5 Re8 10. Nge2 a6 11. a4 Nbd7 12. Nc1 Ne5 13. Be2 Bd7 14. O-O Rb8 15. a5
b5 16. axb6 Bc8 17. Ra2 Qxb6 18. b3 a5 19. Nd1 Ra8 20. Nb2 Ba6 21. Rxa5 Qxa5 22.
Qxa5 Bxe2 23. Qxa8 Rxa8 24. Nxe2 Ra2 25. Rb1 Ne8 26. Nc1 Rxb2 27. Rxb2 Nxf3+ 28.
gxf3 1/2-1/2

[Event "22nd ch-EUR Indiv 2022"]
[Site "Terme Catez SLO"]
[Date "2022.03.28"]
[Round "2.10"]
[White "Kobo, Ori"]
[Black "Tari, Aryan"]
[Result "1/2-1/2"]
[WhiteTitle "GM"]
[BlackTitle "GM"]
[WhiteElo "2510"]
[BlackElo "2653"]
[WhiteFideId "2812320"]
[BlackFideId "1510045"]
[EventDate "2022.03.27"]

1. d4 Nf6 2. c4 g6 3. Nc3 d5 4. cxd5 Nxd5 5. e4 Nxc3 6. bxc3 Bg7 7. Qa4+ Nd7 8.
Nf3 O-O 9. Qa3 Nb6 10. h4 Qd6 11. h5 Be6 12. Be2 Rfe8 13. hxg6 hxg6 14. Qa5 Qc6
15. Rh4 Nc4 16. Qb4 Nd6 17. Bd2 a5 18. Qb1 Bc4 19. Ne5 Qa6 20. Nxc4 Nxc4 21. Qc1
Qc6 22. Bh6 Bf6 1/2-1/2

[Event "22nd ch-EUR Indiv 2022"]
[Site "Terme Catez SLO"]
[Date "2022.03.28"]
[Round "2.11"]
[White "Sebenik, Matej"]
[Black "Shevchenko, Kirill"]
[Result "1/2-1/2"]
[WhiteTitle "GM"]
[BlackTitle "GM"]
[WhiteElo "2510"]
[BlackElo "2652"]
[WhiteFideId "14602296"]
[BlackFideId "14129574"]
[EventDate "2022.03.27"]

1. Nf3 Nf6 2. c4 b6 3. d4 Bb7 4. g3 g6 5. Nc3 Bg7 6. d5 O-O 7. Bg2 Na6 8. Nd4 e6
9. O-O exd5 10. cxd5 Re8 11. Ndb5 h6 12. e4 d6 13. Re1 Nc5 14. Rb1 Qd7 15. f3 a6
16. Na3 a5 17. Nab5 Rad8 18. Be3 c6 19. dxc6 Bxc6 20. a4 Kh7 21. Bd4 Qb7 22. Qc2
h5 23. Rbd1 Qb8 24. b3 h4 25. g4 Ne6 26. Qf2 Nxd4 27. Nxd4 Bb7 28. Qxh4+ Kg8 29.
Qg3 Nd7 30. Ncb5 Nc5 31. g5 Re7 32. h4 d5 33. Qxb8 Rxb8 34. exd5 Rxe1+ 35. Rxe1
Bxd5 36. f4 Nd3 37. Rd1 Bxg2 38. Kxg2 Nxf4+ 39. Kf3 Bxd4 40. Nxd4 Nd5 41. Nf5
Nb4 42. Nh6+ Kg7 43. Rd7 Rf8 44. Rb7 Nd5 45. Kg4 Ne3+ 46. Kg3 Nc2 47. Rxb6 Nd4
48. Rb7 Ne6 49. Ra7 Rb8 50. Nxf7 Rxb3+ 51. Kf2 Rb2+ 52. Ke3 Rb3+ 53. Ke4 Rb4+
54. Ke5 Nd4 55. Nd8+ Kg8 56. Rxa5 Nf3+ 57. Kf6 Rf4+ 58. Kxg6 Nxh4+ 59. Kh5 Re4
60. Ne6 Kf7 61. Nc5 Rc4 62. Ra7+ Ke8 63. Ne6 Nf3 64. Kg6 Ne5+ 65. Kf5 Nc6 66.
Ra8+ Kd7 67. g6 Ne7+ 68. Kf6 Nxg6 69. Ra7+ Kd6 70. Ra6+ Rc6 71. Rxc6+ Kxc6 72.
Kxg6 Kb6 73. Kf5 Ka5 74. Nc5 Kb4 1/2-1/2

[Event "22nd ch-EUR Indiv 2022"]
[Site "Terme Catez SLO"]
[Date "2022.03.28"]
[Round "2.12"]
[White "Brunello, Sabino"]
[Black "Ragger, Markus"]
[Result "1/2-1/2"]
[WhiteTitle "GM"]
[BlackTitle "GM"]
[WhiteElo "2508"]
[BlackElo "2647"]
[WhiteFideId "813613"]
[BlackFideId "1610856"]
[EventDate "2022.03.27"]

1. d4 Nf6 2. Nf3 g6 3. Bg5 Bg7 4. Nbd2 O-O 5. c3 d5 6. e3 c5 7. Bd3 h6 8. Bf4
Nc6 9. h3 Nd7 10. O-O e5 11. dxe5 Ndxe5 12. Nxe5 Nxe5 13. Be2 Be6 14. Nf3 Nc6
15. Qd2 Qe7 16. Rad1 Rfd8 17. Bd3 Qf6 18. Kh2 a6 19. Bg3 b5 20. a3 Rac8 21. Rfe1
Qe7 22. a4 Qb7 23. axb5 axb5 24. b4 c4 25. Bb1 Qd7 26. Nd4 1/2-1/2

[Event "22nd ch-EUR Indiv 2022"]
[Site "Terme Catez SLO"]
[Date "2022.03.28"]
[Round "2.13"]
[White "Vetoshko, Volodymyr"]
[Black "Sargsyan, Shant"]
[Result "0-1"]
[WhiteTitle "GM"]
[BlackTitle "GM"]
[WhiteElo "2507"]
[BlackElo "2639"]
[WhiteFideId "14122480"]
[BlackFideId "13306766"]
[EventDate "2022.03.27"]

1. d4 Nf6 2. c4 e6 3. Nc3 Bb4 4. e3 O-O 5. Ne2 c6 6. a3 Ba5 7. c5 d6 8. cxd6
Qxd6 9. b4 Bc7 10. g3 e5 11. Bg2 Bg4 12. Qc2 Re8 13. O-O e4 14. Nxe4 Nxe4 15. f3
Nxg3 16. hxg3 Bh5 17. e4 Bb6 18. Bf4 Qe7 19. a4 a5 20. bxa5 Bxa5 21. Rab1 Na6
22. Rb3 f5 23. Qb1 b6 24. Re3 fxe4 25. fxe4 Rad8 26. Qc1 Nb4 27. Bf3 Bxf3 28.
Rfxf3 Qe6 29. Be5 c5 30. Nf4 Qg4 31. Qc4+ Kh8 32. Qf7 Nc6 33. Bc7 Rc8 34. Nd5
Nxd4 35. Rf4 Qe6 36. Qh5 Bd2 37. Rh4 Bxe3+ 38. Nxe3 Qh6 39. Nd5 Qxh5 40. Rxh5
Rxe4 41. Bxb6 Re5 42. Rxe5 Nf3+ 43. Kf2 Nxe5 44. a5 Nc4 45. Ke2 Ra8 46. Nc7 Rd8 0-1

[Event "22nd ch-EUR Indiv 2022"]
[Site "Terme Catez SLO"]
[Date "2022.03.28"]
[Round "2.14"]
[White "Blohberger, Felix"]
[Black "Svane, Rasmus"]
[Result "0-1"]
[WhiteTitle "GM"]
[BlackTitle "GM"]
[WhiteElo "2504"]
[BlackElo "2637"]
[WhiteFideId "1632051"]
[BlackFideId "4657101"]
[EventDate "2022.03.27"]

1. e4 e5 2. Nf3 Nc6 3. Bb5 a6 4. Ba4 Nf6 5. O-O Be7 6. Re1 b5 7. Bb3 O-O 8. a4
Bb7 9. d3 d6 10. Nbd2 Nd7 11. Nf1 Nc5 12. axb5 axb5 13. Rxa8 Qxa8 14. Bd5 Nd8
15. Bxb7 Qxb7 16. Ne3 Nde6 17. Nf5 Bf6 18. h4 b4 19. b3 g6 20. Nh6+ Kh8 21. Ng5
c6 22. Qf3 Qe7 23. Be3 Bxg5 24. hxg5 Nd4 25. Bxd4 exd4 26. Qf4 Kg7 27. Ng4 Rd8
28. Ra1 Ne6 29. Qf6+ Qxf6 30. gxf6+ Kf8 31. Ra7 Nc5 32. Nh6 Nd7 33. f4 Ke8 34.
g4 Nxf6 35. Nxf7 Rd7 36. Rxd7 Kxd7 37. Nh6 Ne8 38. Kf2 Nc7 39. g5 Nb5 40. Ke2
Nc3+ 41. Kd2 d5 42. e5 Ke6 43. Ng8 Nb5 44. Nf6 Kf5 45. Nxh7 Nc7 46. Nf8 Kxf4 47.
Nxg6+ Kxg5 48. Ne7 c5 49. Ke2 Kf4 50. e6 Ke5 51. Ng6+ Kxe6 52. Nf4+ Ke5 53. Ng6+
Kf5 54. Nh4+ Kg5 55. Nf3+ Kf4 56. Nh4 Ne6 57. Ng6+ Kf5 58. Ne7+ Ke5 59. Ng6+ Kf6
60. Nh4 Kg5 61. Nf3+ Kf4 62. Nh4 Nf8 63. Kf2 Kg4 64. Nf3 Nd7 65. Ke2 Kf4 66. Kf2
Nf6 67. Ke2 Ng4 68. Nh4 Ne5 69. Kf2 Kg4 70. Ng2 Nf7 71. Ne1 Ng5 72. Kg2 Kf4 73.
Kf2 Nh3+ 74. Kg2 Ke3 0-1

[Event "22nd ch-EUR Indiv 2022"]
[Site "Terme Catez SLO"]
[Date "2022.03.28"]
[Round "2.15"]
[White "Donchenko, Alexander"]
[Black "Maurizzi, Marc'Andria"]
[Result "1/2-1/2"]
[WhiteTitle "GM"]
[BlackTitle "GM"]
[WhiteElo "2636"]
[BlackElo "2493"]
[WhiteFideId "24603295"]
[BlackFideId "36083534"]
[EventDate "2022.03.27"]

1. d4 d5 2. c4 dxc4 3. Nf3 Nf6 4. e3 e6 5. Bxc4 a6 6. O-O c5 7. Nc3 b5 8. Be2
Bb7 9. dxc5 Qxd1 10. Rxd1 Bxc5 11. Nd2 O-O 12. Nb3 Bb4 13. Bd2 Nbd7 14. a3 Nc5
15. Nc1 Bxc3 16. Bxc3 Rfc8 17. f3 Nd5 18. Bd2 f5 19. b3 e5 20. Kf2 e4 21. f4 Nf6
22. Bb4 Bd5 23. Rb1 Rc6 24. h3 Rac8 25. Rb2 Be6 26. Be1 h5 27. Kf1 Nd5 28. Kf2
Nf6 29. Kf1 Nd5 30. Kf2 Nf6 1/2-1/2

[Event "22nd ch-EUR Indiv 2022"]
[Site "Terme Catez SLO"]
[Date "2022.03.28"]
[Round "2.16"]
[White "Kollars, Dmitrij"]
[Black "Firat, Burak"]
[Result "1-0"]
[WhiteTitle "GM"]
[BlackTitle "GM"]
[WhiteElo "2635"]
[BlackElo "2487"]
[WhiteFideId "12909572"]
[BlackFideId "6305881"]
[EventDate "2022.03.27"]

1. e4 c5 2. Nf3 d6 3. d4 cxd4 4. Nxd4 Nf6 5. Nc3 a6 6. h3 e5 7. Nb3 Be7 8. g4 h6
9. Be3 Be6 10. Qf3 Nbd7 11. O-O-O Rc8 12. Nd5 Bxd5 13. exd5 Qc7 14. Bd3 a5 15.
Nd2 a4 16. a3 Qa5 17. Kb1 Qxd5 18. Qxd5 Nxd5 19. Bb5 Nxe3 20. fxe3 Rc7 21. Bxa4
O-O 22. Bxd7 Rxd7 23. Nc4 f6 24. Nb6 Rdd8 25. e4 Kf7 26. Rd3 Ke6 27. Rf1 g6 28.
Nd5 Rd7 29. Rg3 Bd8 30. c4 Rh7 31. Kc2 Rg8 32. Rgf3 Rf8 33. h4 h5 34. g5 Rhf7
35. gxf6 Bxf6 36. Rg1 Rg8 37. Rgf1 Rgf8 38. Rg1 Rg8 39. Rfg3 Rfg7 40. Nxf6 Kxf6
41. Rg5 Ke6 42. a4 Rf7 43. Rxg6+ Rxg6 44. Rxg6+ Kd7 45. Rh6 Rf4 46. Rxh5 Rxe4
47. Kc3 Rg4 48. Rh7+ Kc6 49. h5 Rg3+ 50. Kb4 Rg4 51. h6 Rh4 52. Rh8 Rh2 53. h7
Kc7 54. Kc3 Rh3+ 55. Kd2 Rh2+ 56. Ke3 Rh3+ 57. Kf2 Rh2+ 58. Kg3 Rh1 59. a5 e4
60. Kf4 1-0

[Event "22nd ch-EUR Indiv 2022"]
[Site "Terme Catez SLO"]
[Date "2022.03.28"]
[Round "2.18"]
[White "Ter-Sahakyan, Samvel"]
[Black "Ahmadzada, Ahmad"]
[Result "1-0"]
[WhiteTitle "GM"]
[BlackTitle "IM"]
[WhiteElo "2632"]
[BlackElo "2480"]
[WhiteFideId "13302531"]
[BlackFideId "13413007"]
[EventDate "2022.03.27"]

1. e4 e5 2. Nf3 Nc6 3. Bb5 Nf6 4. d3 d6 5. O-O g6 6. c3 Bg7 7. Re1 O-O 8. Bg5
Bd7 9. Nbd2 Qe8 10. Nf1 a6 11. Ba4 Nd4 12. cxd4 Bxa4 13. Qc1 Rc8 14. Bh6 Qe7 15.
Ng3 Ne8 16. dxe5 dxe5 17. d4 exd4 18. e5 c5 19. Bxg7 Kxg7 20. Nxd4 Bd7 21. Nde2
f6 22. Nf4 fxe5 23. Nd3 Nf6 24. Nxe5 Rce8 25. Qc3 Be6 26. Rad1 Kg8 27. Nf3 h6
28. Re5 b6 29. h3 Qf7 30. Rd6 Nd5 31. Qe1 Nf4 32. Qe4 Bxa2 33. Rxe8 Qxe8 34. Ne5
Qe7 35. Rxb6 Bd5 36. Nxg6 Qxe4 37. Nxe4 Nxg6 38. Rxg6+ Kh7 39. Rf6 Rg8 40. Rf4
Bxe4 41. Rxe4 Rb8 42. Re2 Rb3 43. Rc2 Rb5 44. g4 Kg6 45. Kg2 h5 46. Kg3 a5 47.
f4 a4 48. Kh4 hxg4 49. hxg4 Kf6 50. f5 Rb8 51. Rxc5 Rb4 1-0

[Event "22nd ch-EUR Indiv 2022"]
[Site "Terme Catez SLO"]
[Date "2022.03.28"]
[Round "2.19"]
[White "Demuth, Adrien"]
[Black "Abasov, Nijat"]
[Result "1/2-1/2"]
[WhiteTitle "GM"]
[BlackTitle "GM"]
[WhiteElo "2496"]
[BlackElo "2630"]
[WhiteFideId "642274"]
[BlackFideId "13402960"]
[EventDate "2022.03.27"]

1. e4 c6 2. d4 d5 3. exd5 cxd5 4. Bf4 Nc6 5. c3 Bf5 6. Qb3 Qd7 7. Nf3 e6 8. Nbd2
Nge7 9. Ne5 Nxe5 10. Bxe5 Nc6 11. Nf3 Be4 12. Be2 Bxf3 1/2-1/2